| 000 | 00825cam a22002657a 4500 | ||
|---|---|---|---|
| 003 | CHAP | ||
| 005 | 20220329134723.0 | ||
| 008 | 971013s1970 mx a r 00010 spa d | ||
| 010 | _a24791 | ||
| 011 | _a25763 | ||
| 035 | _a29863 | ||
| 040 | _cCHAP | ||
| 082 |
_a634.653 _bB7 |
||
| 100 | 0 | 0 |
_aBrom Rojas, Emilio. _915511 |
| 245 | 1 | 3 |
_aEl aguacate _c/por Emilio Brom Rojas |
| 260 |
_aMéxico, D. F. : _bComisión Nacional de Fruticultura, _c1970 |
||
| 300 |
_a321 p. : _bilus. |
||
| 590 |
_aBATCH-UPD _b10 _c20130110 _lUCH01 _h1832 |
||
| 590 |
_aCONVERSION _b10 _c20130109 _lUCH01 _h1314 |
||
| 650 | 1 | 4 |
_aAguacate. _92490 |
| 901 | _aBK | ||
| 942 | _cLIBRO | ||
| 949 |
_a634.653 B7 _bBC _cLIBRO _d33724000776902 _eLIBRO _h28352 _i29863 _so |
||
| 949 |
_a634.653 B7 _bBC _cLIBRO _d33724002306819 _eLIBRO _fc.2 _gDonaciØn _h115684 _i29863 _si |
||
| 999 |
_c24791 _d24791 |
||